Role of ICT in doctoral research / (Record no. 82599)

MARC details
000 -LEADER
fixed length control field 00594nam a22001937a 4500
005 - DATE AND TIME OF LATEST TRANSACTION
control field 20140320123403.0
010 ## - LCCN (DPL NO)
LC control number ENG-109338
020 ## - INTERNATIONAL STANDARD BOOK NUMBER
International Standard Book Number 9788172736392
Terms of availability 450.00
035 ## - SYSTEM CONTROL NUMBER
System control number EN-92871
037 ## - SOURCE OF ACQUISITION
Source of stock number/acquisition DBAD/PUB
082 ## - DEWEY DECIMAL CLASSIFICATION NUMBER
Classification number 378.242
100 ## - MAIN ENTRY--PERSONAL NAME
Personal name Sonaje, Nitin P.
245 ## - TITLE STATEMENT
Title Role of ICT in doctoral research /
Statement of responsibility, etc by Nitin P. Sonaje
260 ## - PUBLICATION, DISTRIBUTION, ETC. (IMPRINT)
Place of publication, distribution, etc Delhi
Name of publisher, distributor, etc Authorspress
Date of publication, distribution, etc 2013
270 ## - ADDRESS
Address E-35/103, Jawahar Park Laxmi Nagar
City Delhi
Postal code 110092
300 ## - PHYSICAL DESCRIPTION
Extent x,162p.
Dimensions 22cm(Hb)
500 ## - GENERAL NOTE
General note Includes bibliographical references and index
942 ## - ADDED ENTRY ELEMENTS (KOHA)
Source of classification or shelving scheme Dewey Decimal Classification
Item type English Books
Call number suffix SON
Classification part 378.242
Holdings
Withdrawn status Lost status Not for loan Collection code Home library Current library Date acquired Source of acquisition Cost, normal purchase price Full call number Barcode Copy number Cost, replacement price Koha item type
    Not For Loan Non-fiction D.B.Act.Division D.B.Act.Division 18/02/2014 DBAD/PUB 450.00 378.242 SON EN-92871 1 450.00 English Books

© Delhi Public Library
Hit Counter
free hit counter